000 00309nam a2200133Ia 4500
008 191201s2006 xx 000 0 und d
082 _a005.133
_bMCH
100 _aMCLAUGHLIN, Brett
245 0 _aHead Rush Ajax
260 _aN.Delhi
_bO.Reil
_c2006
300 _a413
650 _aB.Tech(IT)
942 _2ddc
_cBK
999 _c3121
_d3121